书目信息 |
| 题名: |
罪名认定及办案期限一览表
|
|
| 作者: | 邹志刚 编著 | |
| 分册: | ||
| 出版信息: | 上海 上海远东出版社 2014 |
|
| 页数: | 19,649页 | |
| 开本: | 21×29cm | |
| 丛书名: | ||
| 单 册: | ||
| 中图分类: | D924.304 | |
| 科图分类: | ||
| 主题词: | 刑法--Xing Fa--罪名--认定--中国 , 刑事诉讼--Xing Shi Su Song--审判--中国 | |
| 电子资源: | ||
| ISBN: | 978-7-5476-0868-5 | |
| 000 | 00859nam0 22002411 450 | |
| 001 | 351050 | |
| 005 | 20161011152213.48 | |
| 010 | @a978-7-5476-0868-5@dCNY150.00 | |
| 100 | @a20140922d2014 em y0chiy50 ea | |
| 101 | 0 | @achi |
| 102 | @aCN@b310000 | |
| 105 | @ak z 000yy | |
| 106 | @ar | |
| 200 | 1 | @a罪名认定及办案期限一览表@AZui Ming Ren Ding Ji Ban An Qi Xian Yi Lan Biao@f邹志刚编著 |
| 210 | @a上海@c上海远东出版社@d2014 | |
| 215 | @a19,649页@d21×29cm | |
| 330 | @a本书对刑法、刑事诉讼法以及相关司法解释的内容进行了表格化的处理,并且将罪名认定和办案期限的具体规定以一种直观简明的形式呈现给读者。 | |
| 606 | 0 | @a刑法@AXing Fa@x罪名@x认定@y中国 |
| 606 | 0 | @a刑事诉讼@AXing Shi Su Song@x审判@y中国 |
| 690 | @aD924.304@v5 | |
| 701 | 0 | @a邹志刚@AZou Zhi Gang@c(检察)@4编著 |
| 801 | 0 | @aCN@bTANGWEI@c20160811 |
| 905 | @b0892875-7@dD924.304@e580@f3 | |
| 罪名认定及办案期限一览表/邹志刚编著.-上海:上海远东出版社,2014 |
| 19,649页;21×29cm |
| ISBN 978-7-5476-0868-5:CNY150.00 |
| 本书对刑法、刑事诉讼法以及相关司法解释的内容进行了表格化的处理,并且将罪名认定和办案期限的具体规定以一种直观简明的形式呈现给读者。 |
| ● |
| 相关链接 |
|
|
|
|
正题名:罪名认定及办案期限一览表
索取号:D924.304/580
 
预约/预借
| 序号 | 登录号 | 条形码 | 馆藏地/架位号 | 状态 | 备注 |
| 1 | 0892875 | 208928758 | 第一样本阅览室/ [索取号:D924.304/580] | 在馆 | |
| 2 | 0892876 | 208928767 | 密集书库-史法系/ [索取号:D924.304/580] | 在馆 | |
| 3 | 0892877 | 208928776 | 第一借阅区/ [索取号:D924.304/580] | 在馆 |